000 00758nam a22002417a 4500
999 _c196853
_d196853
005 20230802154905.0
010 _aENG-137666
020 _a9789390157204
_c1095.00
035 _aEN-121198
037 _bD.P.S. Publishing House
082 _a004
100 _aJindal, Munish
245 _aUGC-NET/JRF/SET:
_bComputer Science and Application (Paper-II) /
_cMunish Jindal... [et .al]..
260 _aNew Delhi
_bD.P.S. Publishing House
_c2021
270 _a4598/12B, Gola Cottage, Ansari Road, Darya Ganj,
_bNew Delhi
_e110002
300 _a1026p.
_c24cm(pbk)
700 _aMangat,Veenu
700 _aSaluja,Krishan
700 _aJindal,K.M.
700 _aGoyal,Vishal
700 _aKaur,Harmandeep
942 _2ddc
_cEN
_mJIN
_h004